|
|
|
|
| LEADER |
01628nam a2200445 a 4500 |
| 001 |
nkc20142537904 |
| 003 |
CZ PrNK |
| 005 |
20140221093107.0 |
| 007 |
ta |
| 008 |
140115s2013 xr ab e p 000 0 cze |
| 015 |
|
|
|a cnb002537904
|
| 020 |
|
|
|a 978-80-244-3832-0
|q (brož.) :
|c neprodejné
|
| 035 |
|
|
|a (OCoLC)870289725
|
| 040 |
|
|
|a ABA001
|b cze
|
| 072 |
|
7 |
|a 550
|x Geofyzika. Geochemie. Geobiologie. Užitá geologie
|2 Konspekt
|9 7
|
| 072 |
|
7 |
|a 37.016
|x Učební osnovy. Vyučovací předměty. Učebnice
|2 Konspekt
|9 22
|
| 080 |
|
|
|a 550.3
|2 MRF
|
| 080 |
|
|
|a 550.83
|2 MRF
|
| 080 |
|
|
|a (075.8)
|2 MRF
|
| 100 |
1 |
|
|a Sedláček, Jan
|7 jo2014803339
|4 aut
|
| 245 |
1 |
0 |
|a Úvod do užité geofyziky /
|c Jan Sedláček
|
| 250 |
|
|
|a 1. vyd.
|
| 260 |
|
|
|a Olomouc :
|b Univerzita Palackého v Olomouci,
|c 2013
|
| 300 |
|
|
|a 81 s. :
|b il., mapy ;
|c 29 cm
|
| 490 |
1 |
|
|a Studijní texty
|
| 500 |
|
|
|a Nad názvem: Univerzita Palackého v Olomouci, Přírodovědecká fakulta
|
| 504 |
|
|
|a Obsahuje bibliografii
|
| 650 |
0 |
7 |
|a geofyzika
|7 ph114615
|2 czenas
|
| 650 |
0 |
7 |
|a aplikovaná geofyzika
|7 ph118541
|2 czenas
|
| 650 |
0 |
9 |
|a geophysics
|2 eczenas
|
| 650 |
0 |
9 |
|a applied geophysics
|2 eczenas
|
| 655 |
|
7 |
|a učebnice vysokých škol
|7 fd133772
|2 czenas
|
| 655 |
|
9 |
|a textbooks (higher)
|2 eczenas
|
| 710 |
2 |
|
|a Univerzita Palackého.
|b Přírodovědecká fakulta
|7 kn20010709377
|
| 810 |
2 |
|
|a Univerzita Palackého.
|t Studijní texty
|0 s
|
| 910 |
2 |
|
|a BOA001
|b 4-1315.760
|
| 990 |
|
|
|a BK
|
| 995 |
|
|
|a 01
|
| 991 |
|
|
|b 201401
|c NOV
|e n
|
| 996 |
6 |
|
|b 2610576286
|c 4-1315.760
|l MZK
|r Sklad / do 1 hodiny
|n 2
|p p.v.
|w 001393458
|u 000010
|a 1
|e BOA001
|j MZK50
|s P
|